header

Time-use measurement and research (Record no. 164580)

MARC details
000 -LEADER
fixed length control field 01640nam a2200337 a 4500
245 00 - TITLE STATEMENT
Title Time-use measurement and research
260 ## - PUBLICATION, DISTRIBUTION, ETC. (IMPRINT)
Place of publication Washington, D.C. :
Name of publisher National Academy Press,
Year of publication c2000.
300 ## - PHYSICAL DESCRIPTION
Number of Pages xiv, 113 p.
490 1# - SERIES STATEMENT
Series statement Compass series
500 ## - GENERAL NOTE
General note "The project that is the subject of this report is supported by Contract SES-9709489 between the National Academy of Sciences and the U.S. Department of Labor and the National Institute of Aging"--T.p. verso.
650 #0 - SUBJECT ADDED ENTRY--TOPICAL TERM
Topical Term Time management.
Topical Term Time management surveys.
700 1# - ADDED ENTRY--PERSONAL NAME
Personal name Ver Ploeg, Michele.
856 40 - ELECTRONIC LOCATION AND ACCESS
Uniform Resource Identifier http://site.ebrary.com/lib/rucke/Doc?id=10038762

No items available.

© 2026 Rongo University
Contact us: librarian | system librarian | Rongo university